Exitlude - The Killers - All Lyrics - Statistics

General Stats
  • This quiz has been taken 7 times
  • The average score is 138 of 154
Answer Stats
Answer % Correct
day
100%
enjoyed
100%
even
100%
Even
100%
for
100%
good
100%
have
100%
hope
100%
if
100%
is
100%
it
100%
It
100%
it´s
100%
It´s
100%
just
100%
like
100%
out
100%
Outside
100%
Seems
100%
stay
100%
sun
100%
the
100%
to
100%
us
100%
we
100%
We
100%
with
100%
you
100%
your
100%
Aggressively
80%
ain´t
80%
all
80%
away
80%
defend
80%
far
80%
heaven
80%
on
80%
play
80%
role
80%
shinin´
80%
way
80%
about
60%
bonfires
60%
come
60%
doesn´t
60%
don´t
60%
flash
60%
floods
60%
it´ll
60%
matter
60%
No
60%
of
60%
pain
60%
really
60%
Regrettably
60%
seen
60%
send
60%
that
60%
time´s
60%
trust
60%
We´ve
60%
what
60%
work
60%
worry
60%
No matching quizzes found
Score Distribution
Percent of People with Each Score
Percentile by Number Answered
Your Score History
You have not taken this quiz